Statistiques concernant Phobies

Cliquez ici pour prendre le quiz!

Statistiques générales

  • Ce quiz a été pris 55 fois
    (44 depuis la dernière actualisation)
  • Le résultat moyen est 8 sur 25

Statistiques - réponses

HintRéponse% Correct
Aquaphobie ou hydrophobiePeur de l'eau
86%
PyrophobiePeur du feu
73%
PhobophobiePeur de la peur
70%
AstrophobiePeur de l'univers
70%
ThalassophobiePeur de la mer et de l'océan
68%
HématophobiePeur du sang
59%
ThanatophobiePeur de la mort
54%
BananaphobiePeur des bananes
51%
KénophobiePeur de l'obscurité
43%
CoulrophobiePeur des clowns
43%
ClaustrophobiePeur des espaces confinés
30%
MaskaphobiePeur des masques
27%
HexakosioihexekontahexaphobiePeur du nombre 666
27%
PantophobiePeur de tout
16%
PédiophobiePeur des poupées
8%
NatalophobiePeur de Noel
5%
AviophobiePeur de prendre l'avion
5%
AllurophobiePeur des chats
5%
DidaskaleinophobiePeur d'aller à l'école
3%
OmbrophobiePeur de la pluie
3%
ScopophobiePeur du regard des autres
3%
AstraphobiePeur du tonnerre
3%
HylophobiePeur des forêts
0%
ArctophobiePeur des ours
0%
LilapsophobiePeur des tornades
0%

Distribution des résultats

Percentile par nombre de réponses

% des personnes avec chaque résultat

Votre développement - résultats

Vous n’avez pas pris ce quiz depuis la dernière actualisation